| 000 | 00847cab a2200289 4500 | ||
|---|---|---|---|
| 001 | ABS52434 | ||
| 008 | 090401t1995 xxu||||| |||| 00| 0 eng d | ||
| 035 | _a(Sirsi) u77788 | ||
| 041 | _aeng | ||
| 245 | _aBuilding Regulations: determinations | ||
| 260 | _c1995 | ||
| 350 | _a0 | ||
| 490 |
_aCSM (Chartered Surveyor Monthly) _v4(5) March 1995, 26(1) |
||
| 520 | _aHighlights issues arising from recent DoE determinations on fire and structure aspects of the Building Regulations. | ||
| 650 | _aBARN | ||
| 650 |
_aBUILDING REGULATIONS _96224 |
||
| 650 | _aCONVERSION | ||
| 650 | _aDETRMINATIONS | ||
| 650 | _aESCAPE | ||
| 650 | _aLINK BRIDGES | ||
| 650 | _aSINGLE STOREY WAREHOUSE | ||
| 650 | _aSPRINKLERS | ||
| 650 | _aSWIMMING POOLS | ||
| 690 | _aBUILDING AND CONSTRUCTION-REGULATIONS | ||
| 942 | _n0 | ||
| 948 | _c04/03/1997 | ||
| 999 |
_c48902 _d48902 |
||